| 000 | 01027nam a2200337 a 4500 | ||
|---|---|---|---|
| 003 | AR-BaBNM | ||
| 005 | 20251128203730.0 | ||
| 008 | 082120s2002 ||||||||||||||000 | spa|| | ||
| 040 | _cAR-BaBNM | ||
| 100 | 1 | _aMacchi, Manuel E. | |
| 245 | 0 | 0 |
_aEl ovino en la Argentina _bacción de Urquiza : intento de desarrollismo : fábrica textil e inmigración catalana |
| 260 |
_aBuenos Aires _bEdiciones Macchi _c1974 |
||
| 300 | _a200 p. | ||
| 490 | 0 | _aHumanidades. Temas de historia | |
| 500 | _aContiene índice de nombres en p. 195 | ||
| 650 | 4 | _aHISTORIA AGROPECUARIA | |
| 650 | 4 | _aHISTORIA GANADERA | |
| 650 | 4 | _aGANADO | |
| 650 | 4 | _aDESARROLLO RURAL | |
| 650 | 4 | _aECONOMIA RURAL | |
| 650 | 4 | _aTIERRA DEDICADA A LA EXPLOTACION AGROPECUARIA | |
| 650 | 4 | _aINMIGRACION | |
| 650 | 4 | _aCRIA DEL GANADO | |
| 650 | 4 | _aDESARROLLO ECONOMICO | |
| 650 | 4 | _aEXPORTACIONES | |
| 650 | 4 | _aIMPORTACIONES | |
| 650 | 4 | _aHISTORIA ECONOMICA | |
| 800 | 1 |
_aCuccorese, Horacio Juan _edirector |
|
| 942 | _cBK | ||
| 998 | _cMARTIN | ||
| 999 |
_c4699 _d4699 |
||